Obálka Náhled e-knihy:
PDF Epub
Pro půjčování e-knih musíte být přihlášeni.
Jak si půjčit online?

Hořící drát /

Další případ, kterého se se ctí zhostí tělesně postižený detektiv Rhyme a jeho pomocnice Amélie Sachsová.

Uloženo v:
Série:Případy Lincolna Rhyma, část 9
Hlavní autor: Deaver, Jeffery, 1950- (Autor)
Další autoři: Kobělka, Jiří, 1970- (Autor)
Médium: E-kniha
Jazyk:Czech
Vydáno: V Praze : Kniha Zlin, 2024
Vydání:4. vydání (pod značkou Kniha Zlin první)
Témata:
Příbuzné jednotky:Z cyklu:: Případy Lincolna Rhyma
Tagy:
Žádné tagy
LEADER 02580nam a2200457 i 4500
001 312555
003 CZ PrSKC
005 20260601215724.0
007 ta
008 241009s2024 xr g 000 f cze
015 |a cnb003636722 
020 |a 9788076627239  |q (vázáno) 
035 |a (OCoLC)1468021163 
040 |a OLA001  |b cze  |d ABA001  |d ABG001  |e rda 
041 1 |a cze  |h eng 
072 7 |a 821.111(73)-3  |x Americká próza  |2 Konspekt 
080 |a 821.111(73)-31  |2 MRF 
080 |a (0:82-312.4)  |2 MRF 
100 1 |a Deaver, Jeffery,  |d 1950-  |7 jn20001103550  |4 aut 
240 1 0 |a Burning wire.  |l Česky 
245 1 0 |a Hořící drát /  |c Jeffery Deaver ; z anglického originálu The burning wire ... přeložil Jiří Kobělka 
250 |a 4. vydání (pod značkou Kniha Zlin první) 
264 1 |a V Praze :  |b Kniha Zlin,  |c 2024 
300 |a 559 stran ;  |c 22 cm 
336 |a text  |b txt  |2 rdacontent 
337 |a bez média  |b n  |2 rdamedia 
338 |a svazek  |b nc  |2 rdacarrier 
500 |a Obálkový podnázev: devátý případ Lincolna Rhyma 
520 2 |a Další případ, kterého se se ctí zhostí tělesně postižený detektiv Rhyme a jeho pomocnice Amélie Sachsová.  |b Je to zbraň neviditelná a současně všudypřítomná, bez níž by moderní společnost nemohla existovat: elektrická rozvodná síť. Vrah využívá obrovských obloukových výbojů s vysokým napětím a takovou teplotou, že se při ní taví ocel a lidé začínají hořet. Po prvním strašlivém útoku je k vyšetřování přizván Lincoln Rhyme. Zatímco se útoky zběsile šíří, tým kriminalistů bojuje s časem a snaží se na základě minima důkazů dopadnout vraha. Anebo je vrahů víc? Nakladatelská anotace. 
655 7 |a americké romány  |7 fd131796  |2 czenas 
655 7 |a detektivní romány  |7 fd132010  |2 czenas 
655 9 |a American fiction  |2 eczenas 
655 9 |a detective novels  |2 eczenas 
700 1 |a Kobělka, Jiří,  |d 1970-  |7 jn20001103551  |4 trl 
787 0 8 |i Z cyklu:  |t Případy Lincolna Rhyma  |g 9 
900 |a ABA001  |b 20 
928 9 |a Albatros Media - Kniha Zlin 
044 |a xr 
910 |a RBIT002 
998 |d 415277  |a https://core.palmknihy.cz/api/books/415277/cover?smcowf  |b https://core.palmknihy.cz/api/books/415277/cover/400?smcowf  |c https://core.palmknihy.cz/api/books/415277/cover/50?smcowf  |e 2027-07-18  |g 560  |i 9788076627239  |j https://core.palmknihy.cz/api/books/415277/preview.epub  |k https://core.palmknihy.cz/api/books/415277/preview.pdf  |l   |q 49  |r 1  |s https://www.palmknihy.cz/kniha/415277  |t ebook  |y 2024  |z 0  |v Případy Lincolna Rhyma  |w 9 
999 |d 312553